000 00409nam a22001697a 4500
003 MPLRDC
005 20220104143303.0
008 210129b ||||| |||| 00| 0 eng d
082 _a820.97 AY
100 _a阿英
245 _a晚清小说史
_c
250 _a一版一刷
260 _a
_b人民文学出版社
_c1980
300 _b
650 _a中国文学史--小说史
942 _cBK
_o820.97 AY
999 _c38433
_d38423